DeLorean
Sparad:
| Huvudupphovsman: | |
|---|---|
| Materialtyp: | Bok |
| Språk: | Undetermined |
| Publicerad: |
Michigan
Zondervan Books
1985
|
| Ämnen: | |
| Taggar: |
Lägg till en tagg
Inga taggar, Lägg till första taggen!
|
| Thư viện lưu trữ: | Trung tâm Học liệu Trường Đại học Cần Thơ |
|---|
| LEADER | 00568nam a2200205Ia 4500 | ||
|---|---|---|---|
| 001 | CTU_84399 | ||
| 008 | 210402s9999 xx 000 0 und d | ||
| 082 | |a 338.7 | ||
| 082 | |b D362 | ||
| 100 | |a Delorean, John Z. | ||
| 245 | 0 | |a DeLorean | |
| 245 | 0 | |c John Z. Delorean | |
| 260 | |a Michigan | ||
| 260 | |b Zondervan Books | ||
| 260 | |c 1985 | ||
| 650 | |a Automobile industry and trade,Businesspeople | ||
| 650 | |x History,Biography | ||
| 650 | |z United States,United States | ||
| 904 | |i QHieu(sửa) | ||
| 980 | |a Trung tâm Học liệu Trường Đại học Cần Thơ | ||